Регионална библиотека "Любен Каравелов" - Русе

Инвестиционният процес в селското стопанство (Запис номер 351843)

MARC детайли
000 -Лидер
Контролно поле с фиксирана дължина nam a22 a 4500
003 - Код на организацията, давaща контролен номер
Контролно поле BLK
005 - Дата и час на последна редакция
Контролно поле 20200406140255.0
008 - Елементи от данни с фиксирана дължина
fixed length control field 200406b bu ||||| |||| 00| 0 bu d
040 ## - Източник на каталожния запис
Идентификатор на билиотеката - собственик на записа BLK
041 ## - Код за език
Код за езика на текст/звукозапис или на отделно заглавие Български
Код за езика КДБФ Български
080 ## - УДК
Текстов определител УДК Държавни разходи. Капиталовложения в народното стопанство
УДК код - определител по УДК 336.5
УДК - код + определител 336.5
080 ## - УДК
Текстов определител УДК Общи въпроси на селското стопанство
УДК код - определител по УДК 631
УДК - код + определител 631
100 ## - Редна дума - Автор
R(LIN) 298464
Автор Михайлов, Михаил Димитров
Авторска отговорност първи автор
139 ## - Редно поле
Редна дума Инвестиционният процес в селското стопанство
Авторски знак Инв - И 62
245 ## - Сведения за заглавието
Заглавие Инвестиционният процес в селското стопанство
Подзаглавни данни Изследване
Редно поле (дума) М. Михайлов и др. ; Под отг. ред. на Михаил Михайлов.
257 ## - Страна на издаване
Страна на създаване/издаване България
260 ## - Област на издателските данни
9 (RLIN) 209440
Място на издаване, разпространение и проч. София
Име на издателя, разпространителя и проч. Земиздат
Година на издаване 1988
Печатница Хасково : Ат. Стратиев
300 ## - Физическа характеристика
Страници 200 с.
Илюстрации и др. с табл.
Размери/Мащаб 20 см
380 ## - Жанр
Жанр Обществени науки
490 ## - СЕРИИ (Колекции)
9 (RLIN) 205163
Име на серия Икономически знания
500 ## - Общи забележки
Забележка Други авт. : Д. Синапов, Ц. Лозанова, Р. Трендафилов, Х. Кринков, Х. Башев, Г. Илчев, Г. Бозаджиев, И. Костова. - Библиогр. с. 199.
650 #0 - Допълнително описание по предмет – тема
9 (RLIN) 285126
Основно описание – тема или топоним Капитални вложения
700 ## - Други автори (авторска отговорност)
9 (RLIN) 866
Лично име Михайлов, Михаил Димитров
Автороска отговорност (Описва отношението между автора и произведението) под отг. ред. на
852 ## - Местоположение
Форматна сигнатура Цб 153224
Фондова буква Хранилище
999 ## - СИСТЕМНИ КОНТРОЛНИ НОМЕРА
Koha biblionumber 351843
Koha biblioitemnumber 351843
942 ## - АРТИКУЛИ
Вид на библиотечния материал Книги
Скрит в OPAC Не
Периодичен библиозапис Да
944 ## - СЪЗДАВАНЕ И РЕДАКЦИЯ на ЗАПИСА
Служител, извършил регистрацията/редакцията Д. Г.
Статус, дата на статуса 2020-04-06
Наличности
Код за отписване Код за изгубен артикул Източник на класификационната схема Код за повреда Коз за рестрикции Код за отдаване Артикулен № Име на библиотеката - собственик Име на библиотеката, в която се намира в момента Статус (Текущо местоположение) Дата на вписване в системата Местоположение - отдел Цена в лева Инвентарен номер Систематично азбучна сигнатура Баркод Цена в евро Служебен тип на артикула
  Не е изгубен Universal Decimal Classification Не е повреден само за читалня ползва се в читалня 758877 Регионална библиотека "Любен Каравелов" Русе Регионална библиотека "Любен Каравелов" Русе Хранилище 2020-04-06 Хранилище 1.66 501267 Цб 153224 120000501267 0.85 Книги
Vip Innovations Ltd, Rousse, Bulgaria 2025